000 00294nam a22001337a 4500
008 170511b xxu||||| |||| 00| 0 eng d
020 _a2900872896160
041 _aeng
080 _29TH
_a34
100 _a15
101 _aSHJ
245 _aCONGRESS RECONSIDERED
_cDODD, I.C
942 _2udc
_cBK
999 _c13158
_d13158